000 01015naa a22002777a 4500
001 BR8203891
003 BR-BrBNA
005 20250721143206.0
007 ta
008 250630b bl.|||m| |||| 00| 0 por d
040 _aBR-BrBNA
_bpor
_cBiblioteca Nacional de Agricultura
041 _a(Pt)
072 _aQ40
_b3740
090 _aQ40 BR8203891
100 1 _aFrancis, F.J.
245 1 _aImportancia dos pigmentos de plantas e problemas existentes [corante, aditivo de alimento]
500 _aSeminarios do Centro de Tecnologia Agricola e Alimentar, 1981 Rio de Janeiro, RJ (Brasil): 1982. p. 18-21 (BR8203891-AMS)
773 0 _tSeminarios do Centro de Tecnologia Agricola e Alimentar, 1981
_wQ40 BR8203891
_gRio de Janeiro, RJ (Brasil), 1982. p. 18-21
650 _aPLANTA CORANTE
650 _aPIGMENTO
650 _aCORANTE
650 _aADITIVO
490 _aDocumentos - Centro de Tecnologia Agricola e Alimentar (Brazil)
_vno. 2
942 _cAMS
_2AGRIS
909 _a202506
_bLúcia
_c55
_dLúcia Elande
999 _c334246
_d334246